Thực tập vi sinh vật học
Đã lưu trong:
| 主要作者: | |
|---|---|
| 格式: | 圖書 |
| 語言: | Undetermined |
| 出版: |
Hà Nội
ĐH và THCN
1976
|
| 主題: | |
| 標簽: |
添加標簽
沒有標簽, 成為第一個標記此記錄!
|
| Thư viện lưu trữ: | Trung tâm Học liệu Trường Đại học Cần Thơ |
|---|
| LEADER | 00625nam a2200193Ia 4500 | ||
|---|---|---|---|
| 001 | CTU_8602 | ||
| 008 | 210402s9999 xx 000 0 und d | ||
| 082 | |a 579.078 | ||
| 082 | |b E31 | ||
| 100 | |a Egorova, N. S. | ||
| 245 | 0 | |a Thực tập vi sinh vật học | |
| 245 | 0 | |c N. S. Egorova ; Nguyễn Lân Dũng (dịch) | |
| 260 | |a Hà Nội | ||
| 260 | |b ĐH và THCN | ||
| 260 | |c 1976 | ||
| 650 | |a Microbiology,Microorganisms | ||
| 650 | |x Experiments | ||
| 904 | |i Minh, Mai chuyển số PL từ 576.028 thành 579.078 chưa in nhãn | ||
| 980 | |a Trung tâm Học liệu Trường Đại học Cần Thơ | ||